第五人格 -ハンターの内在人格 - Statistics

General Stats
  • This quiz has been taken 13 times
  • The average score is 18 of 36
Answer Stats
Answer % Correct
閉鎖空間
100%
裏向きカード
100%
指名手配
86%
引き留める
86%
傲慢
86%
パニック
71%
怒り
71%
巨大ペンチ
71%
幽閉の恐怖
71%
悪化
57%
破壊欲
57%
狂暴
57%
狩猟本能
57%
アナウンス
57%
慣性
57%
衝動
57%
表現欲
57%
掃除屋
57%
獲物を追う
57%
枯死
43%
中毒症
43%
愚弄
43%
カーニバル
43%
コントロール
43%
忍耐力
43%
支配欲
43%
懐旧癖
29%
翻弄
29%
封鎖
29%
おもてなし
29%
崩壊
29%
檻の獣の争い
29%
鹿狩り
29%
焼入れ効果
14%
後遺症
14%
生還者無し
0%
No matching quizzes found
Score Distribution
Percent of People with Each Score
Percentile by Number Answered
Your Score History
You have not taken this quiz